000 00665nam a2200181 a 4500
001 000028442
005 20240305083702.0
008 110408s1974 dr a r 000 0 spa d
040 _aDO-SdBNP
_bspa
_cBNPHU
082 _axxxx
_bA594e, 1974
100 1 _aAngulo Guridi, Alejandro,
_d1823-1906
_922243
245 1 0 _aExclusivismo y fraternidad de los pueblos /
_cAlejandro Angulo Guridi.
250 _a2a ed.
260 _aSanto Domingo :
_bSociedad Dominicana de Bibliófilos,
_c1974.
_fEditora Taller
300 _a25 p. ;
_c19 cm.
490 1 _aSociedad dominicana de bibliófilos
_asegunda serie
830 0 _aSociedad dominicana de bibliófilos
_psegunda serie
_955386
999 _c27934
_d27934